000 00681nam a2200229Ia 4500
008 191130s2010##################000#0#eng##
020 _a9780745648019
022 _a2010278654
040 _aACL
_cACL
082 _a330.16 HAL
100 _aHalpern, David
245 _aThe hidden wealth of nations
_cDavid Halpern
260 _aCambridge
_bPolity Press
_c2010
300 _ax, 307 p. : ill. ; 24 cm
500 _aIncludes bibliographical references (p. [278]-295) and index
650 _aEconomics - Sociological aspects
650 _aQuality of Life
650 _aSocial perception
990 _a027d6df9ac10000c777fd2d38c445deb
991 _a43368
999 _c52513
_d52513